[Event "AUT-ch Vor1 Internet (Women)"]
[Site "Playchess.com INT"]
[Date "2020.05.30"]
[Round "5"]
[White "Steger, Vanessa"]
[Black "Karner, Sylvia"]
[Result "0-1"]
[WhiteElo "800"]
[BlackElo "1707"]
[PlyCount "82"]
[EventDate "2020.05.30"]
[EventType "swiss (blitz)"]
[EventRounds "9"]
[EventCountry "AUT"]
[SourceTitle "CBM 196 Extra"]
[Source "ChessBase"]
[SourceDate "2020.07.31"]
[SourceVersion "1"]
[SourceVersionDate "2020.07.31"]
[SourceQuality "1"]

1. e4 e6 2. Nf3 d5 3. Ne5 dxe4 4. f3 exf3 5. Qxf3 Qf6 6. Ng4 Qxf3 7. gxf3 Bc5 8. d3 Nc6 9. Nc3 e5 10. Bd2 Be6 11. 0-0-0 0-0-0 12. Kb1 Nge7 13. Bh3 h5 14. Nxe5 Nxe5 15. Bxe6+ fxe6 16. f4 Nf3 17. Ne4 Nxd2+ 18. Rxd2 Be3 19. Re2 Bxf4 20. a3 Rhf8 21. Nf2 e5 22. Nh3 Nd5 23. c4 Ne3 24. Nxf4 exf4 25. h4 Rxd3 26. Rf2 Nxc4 27. Rg1 Rd2 28. Rxf4 Rxf4 29. Rxg7 Nxa3+ 30. Ka2 Nc4 31. Rg8+ Kd7 32. Rg7+ Kc6 33. Rg6+ Kb5 34. Rg5+ c5 35. Rxc5+ Kxc5 36. Kb3 Nxb2 37. Kc3 Rg2 38. Kb3 Rg3+ 39. Ka2 Rf2 40. Kb1 Nc4 41. Kc1 Rg1# 0-1